00433nam a2200181Ia 450000500170000000800410001702000190005804100080007708200150008510000120010024500340011226000310014630000090017744000060018650000280019265000190022070000120023920251121230821.0230125s9999 xx 000 0 und d a978-93-81754-7 aeng a158.1bSIL aSilva J aThe Silva Mind Control Method bThree Ess PublisheraDelhi a231p v1 aPersonality Development aAptitude Tests aSilva J